COMPREHENSIVE DERMATOLOGY (Record no. 14604)

MARC details
000 -LEADER
fixed length control field 00288nam a22001337a 4500
003 - CONTROL NUMBER IDENTIFIER
control field SGT
082 ## - DEWEY DECIMAL CLASSIFICATION NUMBER
Classification number 616.5
Item number C14G
100 ## - MAIN ENTRY--PERSONAL NAME
Personal name GUPTA, RAMJI
245 ## - TITLE STATEMENT
Title COMPREHENSIVE DERMATOLOGY
260 ## - PUBLICATION, DISTRIBUTION, ETC. (IMPRINT)
Place of publication, distribution, etc INDIA
Name of publisher, distributor, etc ANE BOOKS
Year of Publication 2014
300 ## - PAGE DESCRIPTION
No. of Pages 202
650 ## - SUBJECT ADDED ENTRY--TOPICAL TERM
Topical term or geographic name as entry element DERMATOLOGY
942 ## - ADDED ENTRY ELEMENTS (KOHA)
Source of classification or shelving scheme Dewey Decimal Classification
Koha item type Books
942 ## - ADDED ENTRY ELEMENTS (KOHA)
-- 1
Holdings
Withdrawn status Lost status Source of classification or shelving scheme Damaged status Not for loan Collection code Home library Current library Shelving location Date acquired Vendor Name SGTU Total Checkouts Full call number Accession No. (Barcode) Date last seen Bill Date Koha item type Date last borrowed
    Dewey Decimal Classification     MEDICAL SGT Medical Library SGT Medical Library Text Book 18/01/2018 ABC SGTU   616.5 C14G FM9426 18/01/2018 18/01/2018 Books  
    Dewey Decimal Classification     MEDICAL SGT Medical Library SGT Medical Library Text Book 18/01/2018 ABC SGTU 1 616.5 C14G FM9427 27/07/2022 18/01/2018 Books 15/07/2022
    Dewey Decimal Classification     MEDICAL SGT Medical Library SGT Medical Library Text Book 18/01/2018 ABC SGTU   616.5 C14G FM9428 18/01/2018 18/01/2018 Books  
    Dewey Decimal Classification     MEDICAL SGT Medical Library SGT Medical Library Text Book 18/01/2018 ABC SGTU   616.5 C14G FM9429 18/01/2018 18/01/2018 Books  
    Dewey Decimal Classification     MEDICAL SGT Medical Library SGT Medical Library Text Book 18/01/2018 ABC SGTU   616.5 C14G FM9430 18/01/2018 18/01/2018 Books